Successful restaurant design

Bibliographic Details
Main Author: Baraban, Regina S.
Other Authors: Durocher, Joseph F.
Format: Book
Published: New York : Van Nostrand Reinhold , 1989
Subjects:

MARC

LEADER 00000cam a2200000 7i4500
001 0000003392
005 20050503.0
020 |a 0442218397 
040 |a INS 
090 0 0 |a TX945.   |b B36 1989 
100 1 |a Baraban, Regina S. 
245 1 0 |a Successful restaurant design   |c Regina S. Baraban 
260 |a New York :   |b Van Nostrand Reinhold ,   |c 1989 
300 |a 262p. ;   |c 28 cm. 
650 0 0 |a Restaurant   |x launch room   |x etc   |x design and construction 
700 1 |a Durocher, Joseph F. 
999 |a 0000005515   |b BOOK   |c Open Shelf   |e Default branch